| 000 | 01595cab a2200361 4500 | ||
|---|---|---|---|
| 001 | ABS37432 | ||
| 008 | 090401t1987 xxu||||| |||| 00| 0 eng d | ||
| 035 | _a(Sirsi) u4416 | ||
| 041 | _aeng | ||
| 245 | _aTown and Country Planning Summer School 1986 | ||
| 260 | _c1987 | ||
| 350 | _a0 | ||
| 490 |
_aPlanner _v(Report of proceedings) 73 (2) February 1987 1-98 |
||
| 520 | _aThe following are a selection of papers given at the Town and Country Planning School 1986 which was held at the University of Nottingham 6-17 September: Twenty years after PAG - is the system still working. F.J.C. Amos. 19-23 (5) The housing scene today. R. Walker. 29-32 (4) The need for new housing. D. Chiddick. 33-35 (3) National parks : planning and management. M. Dower. 73-76 (4) The modernisation of shopping centres . I. Northen. 81-84 (4) Marketing towns and cities : a case study of Peterborough . Bath, D. 89-93 (5) Development control topics. M. Pickering. 94-98 (5) Many of the articles have references. | ||
| 650 | _aADVERTISING | ||
| 650 | _aBUILDING SOCIETIES | ||
| 650 | _aCONSERVATION | ||
| 650 | _aCOUNTRYSIDE | ||
| 650 | _aDEVELOPMENT PLANS | ||
| 650 | _aHOME OWNERSHIP | ||
| 650 | _aHOUSEBUILDERS FEDERATION | ||
| 650 | _aHOUSE BUILDING | ||
| 650 | _aHOUSING MARKET | ||
| 650 | _aLOCAL AUTHORITIES | ||
| 650 | _aMANAGEMENT | ||
| 650 | _aPLANNING ADVISORY GROUP | ||
| 650 | _aBUILT ENVIRONMENT-BUILDING MAINTENANCE AND REFURBISHMENT | ||
| 650 | _aSTATISTICS | ||
| 650 | _aSTRUCTURE PLANS | ||
| 690 | _aPLANNING LAW AND PRACTICE | ||
| 942 | _n0 | ||
| 948 | _c04/03/1997 | ||
| 999 |
_c2654 _d2654 |
||